000
nam a22 7a 4500
999
_c
45260
_d
45260
003
OSt
005
20190404094848.0
008
190404b xxu||||| |||| 00| 0 eng d
040
_c
sero soft
100
_a
Sukla,C.S
245
_a
Paryavaran Vigyan
260
_a
Delhi
_b
Dhanpat
300
_a
394
942
_2
ddc
_c
02